[Event "AUS-ch U18"]
[Site "Gold Coast"]
[Date "2020.01.20"]
[Round "4"]
[White "Yang, Oliver"]
[Black "Yang, Gordon"]
[Result "0-1"]
[WhiteElo "1565"]
[BlackElo "1857"]
[PlyCount "74"]
[EventDate "2020.01.18"]
[EventType "swiss"]
[EventRounds "9"]
[EventCountry "AUS"]
[SourceTitle "EXT 2021"]
[Source "ChessBase"]
[SourceDate "2020.10.23"]
[SourceVersion "1"]
[SourceVersionDate "2020.10.23"]
[SourceQuality "1"]

1. d4 d5 2. Nc3 Nf6 3. Bg5 Nbd7 4. e3 e6 5. Nf3 Be7 6. h4 h6 7. Bxf6 Nxf6 8. Nb1 c6 9. Nbd2 b6 10. Bd3 Bb7 11. c3 Nd7 12. Qe2 Qc7 13. 0-0-0 0-0-0 14. Kb1 Kb8 15. c4 dxc4 16. Nxc4 Bf6 17. Rc1 e5 18. Rhd1 exd4 19. exd4 Rhe8 20. Qc2 Qf4 21. Be2 Nf8 22. g3 Qc7 23. Ne3 Ne6 24. Qa4 Qd6 25. Nf5 Qd5 26. g4 Nf4 27. Ne3 Qe4+ 28. Qc2 Nxe2 29. Qxe4 Rxe4 30. Rc2 Nxd4 31. Rcd2 Nxf3 32. Rxd8+ Bxd8 33. Rxd8+ Bc8 34. Rg8 g6 35. Rf8 Nxh4 36. Rxf7 Bxg4 37. Kc2 Nf5 0-1

[Event "AUS-ch Major"]
[Site "Cammeray"]
[Date "2018.01.12"]
[Round "11"]
[White "Hibberd, Nathan"]
[Black "Yang, Gordon"]
[Result "1-0"]
[WhiteElo "2005"]
[BlackElo "1768"]
[PlyCount "111"]
[EventDate "2018.01.02"]
[EventType "swiss"]
[EventRounds "11"]
[EventCountry "AUS"]
[SourceTitle "CBM 182 Extra"]
[Source "ChessBase"]
[SourceDate "2018.02.23"]
[SourceVersion "1"]
[SourceVersionDate "2018.02.23"]
[SourceQuality "1"]

1. e4 c5 2. Nf3 e6 3. d4 cxd4 4. Nxd4 Nf6 5. Nc3 Nc6 6. Ndb5 Bb4 7. a3 Bxc3+ 8. Nxc3 d5 9. exd5 exd5 10. Bd3 0-0 11. 0-0 d4 12. Ne2 Bg4 13. f3 Bh5 14. Bg5 Bg6 15. Bh4 Re8 16. Bf2 Qd6 17. Bxg6 hxg6 18. Nxd4 Rad8 19. c3 Ne5 20. Qc2 a6 21. Rad1 Qc7 22. Rfe1 Qc4 23. Rd2 b5 24. Rde2 Ned7 25. Rxe8+ Rxe8 26. Rxe8+ Nxe8 27. Qe2 Qc8 28. Qe4 Nd6 29. Nc6 Nxe4 30. Ne7+ Kf8 31. Nxc8 Nd2 32. Nb6 Nxb6 33. Bxb6 Ke8 34. Be3 Nc4 35. Bc1 Ne5 36. b3 Kd7 37. Be3 Nc6 38. a4 Ke6 39. axb5 axb5 40. Kf2 b4 41. cxb4 Nxb4 42. Bd2 Nc6 43. Bc3 f6 44. Ke3 Kd5 45. Kd3 Ne7 46. Be1 Nc6 47. Kc3 Nd4 48. Bf2 Nc6 49. b4 Ne5 50. b5 Nc4 51. Kb4 Nd6 52. Ka5 f5 53. Ka6 g5 54. g4 f4 55. b6 Kc6 56. Bd4 1-0

[Event "AUS-ch Major"]
[Site "Cammeray"]
[Date "2018.01.03"]
[Round "2"]
[White "Yang, Gordon"]
[Black "Parsonage, Ian"]
[Result "1/2-1/2"]
[WhiteElo "1768"]
[BlackElo "2027"]
[PlyCount "59"]
[EventDate "2018.01.02"]
[EventType "swiss"]
[EventRounds "11"]
[EventCountry "AUS"]
[SourceTitle "CBM 182 Extra"]
[Source "ChessBase"]
[SourceDate "2018.02.23"]
[SourceVersion "1"]
[SourceVersionDate "2018.02.23"]
[SourceQuality "1"]

1. e4 c6 2. d4 d5 3. f3 e5 4. dxe5 Bc5 5. Nc3 Qb6 6. Na4 Qa5+ 7. c3 Bxg1 8. Rxg1 dxe4 9. f4 Ne7 10. g4 0-0 11. b4 Qc7 12. Qd6 Qxd6 13. exd6 Nd5 14. Bc4 Rd8 15. Bxd5 cxd5 16. Be3 Rxd6 17. 0-0-0 f5 18. gxf5 Bxf5 19. Nc5 b6 20. Nb3 Nc6 21. a3 Kf7 22. Nd4 Ne7 23. Rg5 g6 24. h4 h5 25. Kb2 Rc8 26. Rd2 Rd7 27. Nc2 Rdc7 28. Bd4 Be6 29. Ne3 Rd7 30. Rdg2 1/2-1/2